Quick Pick: Country Anagram Quiz Stats

Quiz Updated Apr 7, 2018

Challenge
Share
Tweet
Embed
Score 0/16 Timer 01:30
0 Plays Today
% Correct
Laos
97.6%
Iran
97.4%
Tonga
97.3%
Spain
97.3%
Angola
97.2%
Italy
97.2%
Oman
97.1%
Yemen
96.9%
% Correct
Nepal
96.2%
Niger
96.2%
Eritrea
96.1%
Serbia
96%
Micronesia
95.8%
Algeria
95.7%
Israel
95.5%
Suriname
94.3%

Today's Daily Dose

Word Ladder
Antonym Clues II

Quick Pick
Movies of 2014

On This Day
April 24th II

You're not logged in!

Compare scores with friends on all Sporcle quizzes.
Sign Up with Email
OR
Log In

You Might Also Like...

Show Comments

Extras

Top Quizzes Today


Score Distribution

Your Account Isn't Verified!

In order to create a playlist on Sporcle, you need to verify the email address you used during registration. Go to your Sporcle Settings to finish the process.

Report this User

Report this user for behavior that violates our Community Guidelines.

Details: